<?xml version="1.0" encoding="UTF-8"?>
<record
    xmlns:xsi="http://www.w3.org/2001/XMLSchema-instance"
    xsi:schemaLocation="http://www.loc.gov/MARC21/slim http://www.loc.gov/standards/marcxml/schema/MARC21slim.xsd"
    xmlns="http://www.loc.gov/MARC21/slim">

  <leader>00945nam a2200277 a 4500</leader>
  <controlfield tag="001">BRL_534</controlfield>
  <controlfield tag="005">20190320210804.0</controlfield>
  <controlfield tag="008">020913s1995----mx-a######---#000-0#spa-#</controlfield>
  <datafield tag="020" ind1=" " ind2=" ">
    <subfield code="a">9686533257</subfield>
  </datafield>
  <datafield tag="041" ind1=" " ind2=" ">
    <subfield code="a">spaeng</subfield>
  </datafield>
  <datafield tag="044" ind1=" " ind2=" ">
    <subfield code="a">mx</subfield>
  </datafield>
  <datafield tag="050" ind1=" " ind2="4">
    <subfield code="a">NX192</subfield>
    <subfield code="b">.G85 1995</subfield>
  </datafield>
  <datafield tag="245" ind1="1" ind2="0">
    <subfield code="a">La gu&#xED;a artes de M&#xE9;xico</subfield>
    <subfield code="b">museos, galer&#xED;as y otros espacios del arte</subfield>
    <subfield code="c">coordinaci&#xF3;n general del proyecto, Antonieta Cruz</subfield>
  </datafield>
  <datafield tag="260" ind1=" " ind2=" ">
    <subfield code="a">M&#xE9;xico</subfield>
    <subfield code="b">Artes de M&#xE9;xico y del Mundo</subfield>
    <subfield code="c">1995</subfield>
  </datafield>
  <datafield tag="300" ind1=" " ind2=" ">
    <subfield code="a">318 p.</subfield>
    <subfield code="b">il.</subfield>
    <subfield code="c">24 cm.</subfield>
  </datafield>
  <datafield tag="500" ind1=" " ind2=" ">
    <subfield code="a">Au569</subfield>
  </datafield>
  <datafield tag="500" ind1=" " ind2=" ">
    <subfield code="a">Texto en: espa&#xF1;ol e ingl&#xE9;s</subfield>
  </datafield>
  <datafield tag="650" ind1="1" ind2="4">
    <subfield code="a">Arte</subfield>
    <subfield code="v">Gu&#xED;as</subfield>
    <subfield code="x">Servicios de Informaci&#xF3;n</subfield>
    <subfield code="z">M&#xE9;xico</subfield>
    <subfield code="9">24224</subfield>
  </datafield>
  <datafield tag="650" ind1="1" ind2="4">
    <subfield code="a">Arte</subfield>
    <subfield code="v">Gu&#xED;as</subfield>
    <subfield code="x">Galer&#xED;as y museos</subfield>
    <subfield code="z">Monterrey</subfield>
    <subfield code="9">24225</subfield>
  </datafield>
  <datafield tag="650" ind1="1" ind2="4">
    <subfield code="a">Arte</subfield>
    <subfield code="v">Gu&#xED;as</subfield>
    <subfield code="x">Galer&#xED;as y museos</subfield>
    <subfield code="z">Guadalajara</subfield>
    <subfield code="9">24226</subfield>
  </datafield>
  <datafield tag="650" ind1="1" ind2="4">
    <subfield code="a">Arte</subfield>
    <subfield code="v">Gu&#xED;as</subfield>
    <subfield code="x">Galer&#xED;as y museos</subfield>
    <subfield code="z">Oaxaca</subfield>
    <subfield code="9">24227</subfield>
  </datafield>
  <datafield tag="700" ind1="1" ind2=" ">
    <subfield code="a">Cruz, Antonieta</subfield>
    <subfield code="9">5966</subfield>
  </datafield>
  <datafield tag="740" ind1="0" ind2=" ">
    <subfield code="a">Artes de M&#xE9;xico</subfield>
  </datafield>
  <datafield tag="902" ind1=" " ind2=" ">
    <subfield code="a">GRL</subfield>
  </datafield>
  <datafield tag="942" ind1=" " ind2=" ">
    <subfield code="2">lcc</subfield>
    <subfield code="c">B</subfield>
  </datafield>
  <datafield tag="999" ind1=" " ind2=" ">
    <subfield code="c">9346</subfield>
    <subfield code="d">9346</subfield>
  </datafield>
  <datafield tag="952" ind1=" " ind2=" ">
    <subfield code="0">0</subfield>
    <subfield code="1">0</subfield>
    <subfield code="4">0</subfield>
    <subfield code="7">0</subfield>
    <subfield code="a">BRL</subfield>
    <subfield code="b">BRL</subfield>
    <subfield code="d">2013-09-02</subfield>
    <subfield code="i">Au569</subfield>
    <subfield code="l">0</subfield>
    <subfield code="o">NX192 .G85 1995 (Au569)</subfield>
    <subfield code="p">GRL00590</subfield>
    <subfield code="r">2019-03-22 00:00:00</subfield>
    <subfield code="w">2019-03-22</subfield>
    <subfield code="y">B</subfield>
  </datafield>
</record>
